00610nam a2200133Ia 4500008004100000100002000041245016400061245010200225260005300327260000900380300001100389650001500400856006100415170221s9999 xx 000 0 und d aAsya E. Eroyanv aSpatial-economic and Geopolitical Interests of Russia, The USA and China in Central Asia: Competition, Coincidence of Wants and Strategies in a Changing World  cAsya E. Eroyan, Eugeny P. Kolpak, Svetlana F. Litvinova, Nikolay P. Gusakov, Sergey V. Ryazantsev bInternational Review of Management and Marketing c2016 a6 : 6S xMarketing. uhttp://www.econjournals.com/index.php/irmm/issue/view/86